000 00680nam a2200241Ia 4500
003 OSt
005 20220928124035.0
006 a|||||r|||| 00| 0
007 ta
008 220927b |||||||| |||| 00| 0 eng d
024 _a31201
037 _cTextual
040 _aSDCL
_cSDCL
_beng
041 _2eng
_aeng
082 _aG9M:66, N8
100 _aDeSalle Rob Ed.
_9463168
245 0 _aMolecular approaches to ecology and evolution.
260 _aBoston
_bBirkhauser
_c1998
300 _axv,364p
_ccm.
700 _a Schierwater Bernd Ed.
_9463169
942 _hG9M:66, N8
_cTEXL
_2CC
999 _c776107
_d776107